000 00447nam a2200181Ia 4500
003 OSt
005 20250703104241.0
008 210423s2009 xx 000 0 und d
040 _cAL
041 _aeng
082 _a011.75
_223
_bCARH
100 _aSarah Caro
_9117153
245 _aHow to publish your PhD
260 _aNew Delhi
_bSage Publications
_c2009
365 _b180
_cINR
906 _aHow ; PhD. ; publish ; your
942 _2ddc
_cBK
999 _c175516
_d175516